LIBRARY & INFORMATION CENTRE, KCAET, TAVANUR

ONLINE PUBLIC ACCESS CATALOGUE (OPAC)

Prarambhik Rajanayem, Part -ll / (Record no. 3762)

MARC details
000 -LEADER
fixed length control field 00420cam a2200181ua 4500
041 ## - LANGUAGE CODE
Language code of text/sound track or separate title hin
082 ## - DEWEY DECIMAL CLASSIFICATION NUMBER
Classification number 891.54
Item number BAC/PR
100 ## - MAIN ENTRY--AUTHOR NAME
Personal name Bachan, .
245 ## - TITLE STATEMENT
Title Prarambhik Rajanayem, Part -ll /
250 ## - EDITION STATEMENT
Edition statement 2 /
260 ## - PUBLICATION, DISTRIBUTION, ETC. (IMPRINT)
Place of publication :
Name of publisher Bharathi bhandar ,
Year of publication 1946.
300 ## - PHYSICAL DESCRIPTION
Number of Pages 134 ; .
942 ## - ADDED ENTRY ELEMENTS (KOHA)
Koha item type Books
Holdings
Withdrawn status Lost status Damaged status Home library Current library Date acquired Full call number Accession Number Koha item type Public note
Withdrawn     KAUAET Sanskrit University 07/04/2012 891.54 6250 Books Transferred to Sanskrit University
free website counter